Marshals of North Korea - Statistics

General Stats
  • This quiz has been taken 5 times
  • The average score is 4 of 10
Answer Stats
Picture Hint Answer % Correct
April 20th, 1992 Kim {Jong-il}
100%
July 18th, 2012 Kim {Jong-un}
100%
February 7th, 1953 Kim {Il-sung}
80%
October 8th, 1995 Choe Kwang
20%
April 14th, 2016 Hyon Chol-hae
20%
April 14th, 2016 Kim Yong-chun
20%
April 20th, 1992 O Jin-u
20%
October 5th, 2020* Pak Jong-chon
20%
October 5th, 2020 Ri Pyong-chol
20%
October 8th, 1995 Ri Ul-sol
20%
No matching quizzes found
Score Distribution
Percent of People with Each Score
Percentile by Number Answered
Your Score History
You have not taken this quiz